Completely bounded maps and operator algebras
Αποθηκεύτηκε σε:
| Κύριος συγγραφέας: | |
|---|---|
| Μορφή: | Βιβλίο |
| Γλώσσα: | English |
| Δημοσίευση: |
New York :
Cambbridge University Press,
2002
|
| Σειρά: | Cambridge studies in advanced mathematics ;
; 78 |
| Θέματα: | |
| Ετικέτες: |
Προσθήκη ετικέτας
Δεν υπάρχουν, Καταχωρήστε ετικέτα πρώτοι!
|
MARC
| LEADER | 00000nam a2200000 i 4500 | ||
|---|---|---|---|
| 001 | 1/37153 | ||
| 008 | 030623s2002 eng d | ||
| 020 | |a 0-521-81669-6 | ||
| 035 | |l 10070204 | ||
| 040 | |a GR-MY-UA |b gre |e aacr | ||
| 041 | 0 | |a eng | |
| 082 | 0 | |a 512.55 | |
| 100 | 1 | |a Paulsen, Vern I. |d 1951- | |
| 245 | 1 | 0 | |a Completely bounded maps and operator algebras / |c Vern Paulsen |
| 260 | |a New York : |b Cambbridge University Press, |c 2002 | ||
| 300 | |a xii, 300 p.; |c 24 cm. | ||
| 490 | 1 | |a Cambridge studies in advanced mathematics |v ; 78 | |
| 504 | |a Includes bibliographical references and index | ||
| 650 | 0 | 0 | |a Operator algebras. |
| 650 | 0 | 0 | |a Dilation theory (Operator theory) |
| 650 | 0 | 0 | |a Mappings (Mathematics) |
| 830 | 0 | |a Cambridge studies in advanced mathematics ; |v ; 78 | |
| 852 | |a INST |b SAMOS |e 20030623 |h 512.55 PAU |p 005300024093 |q 005300024093 |t BK |y 4 |x 20200213 | ||
| 901 | |a BIBL3-2003-2 | ||
| 909 | |a Σ |b 104785 | ||
| 922 | |a 3ΕΛΗ |b 200210 |c ΕΠΕΑΕΚ2/ΤΜΗΜΑ ΜΑΘΗΜΑΤΙΚΩΝ |d ΠΑΠΑΣΩΤΗΡΙΟΥ ΑΕ & ΕΛΕΥΘΕΡΟΥΔΑΚΗΣ ΑΕ | ||
| 950 | |a 116-2002-10-02 | ||
| 970 | |a ΚΟΣΙΕΡΗΣ |b ΧΡΗΣΤΟΣ |z 2003/06/24 | ||